000 00535nam a2200181Ia 4500
005 20250508150552.0
008 008 250505s9999 xx 000 0 hin d
037 _aTextual
040 _aFEDL
_beng
_cFEDL
041 _ahin
_2eng
084 _a599, BHA
_qFEDL
100 _aBrijesh Bahadur
_9402598
245 0 _aJantu jagat artthat prithavi ke stanposhit praniyo ka vigiyanik varnan
260 _aPrayag, India
_bHindustani Akademi
_c1930
300 _a480p.
942 _cTEXL
_h599, BHA
999 _c1324306
_d1324306